000 00571nam a22001937a 4500
005 20251108172047.0
008 250721s9999 xx 000 0 ara d
082 1 4 _aط/371.4/زغل
100 1 _aزغلول، أحمد
_eمؤلف
245 1 0 _aمع المواصلات /
264 1 _aدمشق :
_bدار القلم العربي،
490 0 _a(نصائح تربوية للأطفال ؛ 3)
650 1 7 _aالطلاب
650 1 7 _aالمواصلات
650 1 7 _aالتعليم
700 1 _aخليل، نضال
_eرسام
942 _2ddc
_cBK
999 _c69438
_d69438